01851nam a2200301 i 4500003000900000005001700009007000300026008004100029020001800070040003000088041000800118082001900126100003900145245004100184264007300225300002900298336002700327337003300354338003100387505067500418590002701093910000701120942001401127952012701141952013201268952013201400999001701532DO-SdBNP20250415114951.0ta250415b2024 dr ||||| |||| 00| 0 spa d a9789945654783 aDO-SdBNPbspacBNPHUerda aspa 4axxxbB142L2221 aBáez, Frank,eautor4aut.93598913aLo que trajo el mar /cFrank Báez. aSanto Domingo, República Dominicana :bEditorial Santuario,c2024. a203 páginas ;c23 cm.  atextobtxt2rdacontent asin mediaciónbn2rdamedia avolumen bnc2rdacarrier  aKarate Kid 11 – Viviendo en la luna 21 -- Derretidos 37 – Con cariño Carmen 49 -- II --Lo que trajo el mar 61 -- Playa 77 -- Dólares de arena: del libro a Netflix 81 -- III -- Bob Dylan en el Auditorium Theater 65 -- Un libro de Dylan Thomas y yo 73 – Dólares de arena 87 -- III -- Los caribeños no conocemos el Caribe 99 -- No fui yo 107 -- Un milagro en Bogotá 121 -- Una ciudad llamada Trujillo 129 – Una breve y beneficiosa incursión en Alemania 139 -- IV --César Aria 151 –Homero Pumorol 157 -- Me volviste loco, Wilfredo 163 -- Abelito muere -- 171 Mi papa y la isla del tesoro 181 -- Una casa para Tony Capellán 187-- Agradecimientos 203 aInventariado, 2025 /LP aLP 2ddccLBS1 00102ddc51708PDaBNPHUbBNPHUcCTd2024-12-09eDepósito Legall0oxxx B142Lp2025-1184r2025-02-24w2025-02-24yLBS1 00102ddc51708PDaBNPHUbBNPHUcCTd2024-12-09eDepósito Legall0oxxx B142Lp2025-1186r2025-02-24te.2w2025-02-24yLBS1 00102ddc56708DSaBNPHUbBNPHUcCTd2024-12-09eDepósito Legall0oxxx B142Lp2025-1187r2025-02-24te.3w2025-02-24yLBS1 c58194d58194